Amtrak Coast Starlight Stations - Statistics

General Stats
  • This quiz has been taken 88 times
  • The average score is 20 of 30
Answers on the Map
Answers color-coded by a green-red scale on the quiz's map according to % correct below.
 
Answer Stats
State % Correct
Los Angeles
98%
Seattle
98%
Oakland
96%
Portland
96%
Sacramento
94%
San Jose
94%
Santa Barbara
88%
Tacoma
88%
Eugene
82%
Salem
82%
San Luis Obispo
78%
Vancouver
78%
Redding
72%
Salinas
72%
Oxnard
70%
Davis
64%
Burbank
62%
Emeryville
62%
Martinez
54%
Chico
46%
Klamath Falls
44%
Simi Valley
44%
Centralia
42%
Lacey
42%
Albany
40%
Kelso
40%
Paso Robles
40%
Van Nuys
38%
Dunsmuir
32%
Chemult
20%
No matching quizzes found
Score Distribution
Percent of People with Each Score
Percentile by Number Answered
Your Score History
You have not taken this quiz